Atatürk'ün uşağının gizli defteri / (Record no. 14657)
[ view plain ]
| 000 -BAŞLIK | |
|---|---|
| Sabit Uzunlukta Kontrol Alanı | 00670nam a22002057a 4500 |
| 999 ## - SİSTEM KONTROL NUMARALARI (KOHA) | |
| Koha Biblionumber | 14657 |
| Koha Biblioitemnumber | 14657 |
| 003 - KONTROL NUMARASI IDENTIFIER | |
| Denetim Alanı | MIRAKIL |
| 005 - SON İŞLEM TARİHİ VE ZAMANI | |
| Denetim Alanı | 20211203144419.0 |
| 008 - SABİT-BOY VERİ ELEMANLARI - GENEL BİLGİLER | |
| Sabit Uzunlukta Kontrol Alanı | 211203b tu ||||| |||| 00| 0 tur d |
| 020 ## - ULUSLARARASI STANDART KİTAP NUMARASI | |
| Uluslararası Standart Kitap Numarası | 9786056944895 |
| 040 ## - KATALOGLAMA KAYNAK | |
| Orijinal Kataloglama Ajansı | TR-AnCHP |
| Metne Dönüştürmek Ajansı | TR-AnCHP |
| 041 ## - DİL KODU | |
| Metin / Ses Parça Veya Ayrı Başlığın Dil Kodu | tur |
| 082 ## - DEWEY ONLU SINIFLANDIRMA NUMARASI | |
| Sınıflandırma Numarası | ATA 956.1024 |
| Ürün Numarası | G62a 2019 |
| 100 ## - ANA GİRİŞ - KİŞİSEL İSİM | |
| Kişisel Ad | Granda, Cemal |
| 245 10 - BAŞLIK TABLOSU | |
| Başlık | Atatürk'ün uşağının gizli defteri / |
| Sorumluluk Tablosu, Vb | Cemal Granda |
| 260 ## - YAYIN, DAĞITIM, VB | |
| Yayın, Dağıtım, Vb Yeri | Ankara: |
| Yayıncı, Dağıtıcı, Vs Adı | Yade Kitap, |
| Yayın, Dağıtım, Vb Tarihi | 2019. |
| 300 ## - FİZİKSEL TANIM | |
| Kapsam | 387 s.: |
| Diğer Fiziksel Ayrıntıları | fotg.; |
| Boyutlar | 21 sm. |
| 490 0# - SERİSİ TABLOSU | |
| Seri Beyanı | Yade Yayınları; |
| -- | Atatürk Kitapları; |
| Hacim / Ardışık Tanımı | 63. |
| -- | 1. |
| 600 14 - KONU KATMA GİRİŞ - KURUMSAL ADI | |
| 9 (RLIN) | 1465 |
| Kişisel Ad | Atatürk, Gazi Mustafa Kemal |
| Başlıklar Ve Bir Adla İlişkili Diğer Kelimeler | Türkiye Cumhuriyeti Kurucusu |
| Bir Adıyla İlişkilendirilen Tarihler | 1881-1938 |
| Genel Alt Bölümü | Yaşamöyküsü |
| 942 ## - EKLENDİ GİRİŞ ELEMANLARI (KOHA) | |
| Sınıflandırma Veya Raf Düzeni Kaynak | Dewey Decimal Classification |
| Koha Öğesi Türü | Books |
| Kalıcı Konum | Mevcut Konum | Edinme Tarihi | Toplam Check-Out'Lar | Tam Çağrı Numarası | Barkod | Tarih Son Görülme | İtibaren Geçerli Fiyatlar | Koha Öğesi Türü |
|---|---|---|---|---|---|---|---|---|
| CHP Kütüphanesi | CHP Kütüphanesi | 12/03/2021 | ATA 956.1024 G62a 2019 | 020149 | 12/03/2021 | 12/03/2021 | Books |
